| 000 | 01384nam0a2200337 4500 | ||
|---|---|---|---|
| 001 | RU\NLR\BIBL_A\022475454 | ||
| 005 | 20250627140616.0 | ||
| 010 |
_a978-5-04-161954-1 _91500 |
||
| 035 | _a(NLR Aleph) 022475454 | ||
| 090 |
_a13371909 _c13371909 |
||
| 100 | _a20250228d2025 |||y0rusy50 ca | ||
| 101 | 1 |
_arus _ceng |
|
| 102 | _aRU | ||
| 105 | _aa z 000yy | ||
| 181 | 0 |
_ai3 _baxxe |
|
| 182 | 0 | _an | |
| 200 | 1 |
_aЛюбовь и уважение _dLove & respect _eкак научиться понимать свою вторую половину и обрести гармонию в отношениях _fЭмерсон Эггерих _g[перевод с английского Ю. Сашниковой] _zeng |
|
| 203 |
_aТекст _bвизуальный _cнепосредственный |
||
| 210 |
_aМосква _cЭксмо, Бомбора _d2025 |
||
| 215 |
_a250 с. _cил. _d21 |
||
| 300 | _aАвт. также на англ. яз.: Emerson Eggerichs | ||
| 510 | 1 |
_6z45790 _aLove & respect _zeng |
|
| 606 | 1 |
_aСемья и брак _xХристианская концепция _92170244 _3RU\NLR\AUTH\661305543 |
|
| 686 | 2 | _aЭ376-113.2 | |
| 700 | 1 |
_aЭггерих _bЭ. _gЭмерсон |
|
| 790 | 1 |
_6z45510 _aEggerichs _bE. _gEmerson |
|
| 942 | _cBOOK | ||
| 980 | _aNB | ||